000 00559nam a2200229Ia 4500
003 OSt
005 20221005125602.0
006 a|||||r|||| 00| 0
007 ta
008 221004b |||||||| |||| 00| 0 tam d
024 _a53237
037 _cTextual
040 _aCRL
_cCRL
_btam
041 _2tam
_atam
082 _aY:1.211'N, 31M6
100 _aFurnika
_9636856
245 0 _aPirappu mudal irappu narai
260 _c1986
650 _aCULTURE
942 _hY:1.211'N, 31M6
_cTEXL
_2cc
999 _c1054438
_d1054438